Responses for show #2685 - Friday, April 12, 1996

Michael Dupée game 4.

Contestants

[<< previous game]

Bruce Clark, an attorney from Albuquerque, New Mexico

Joe McNamara, a Naval flight officer originally from Philadelphia, Pennsylvania

Michael Dupee, an attorney from Cleveland, Ohio (whose 3-day cash winnings total $44,202)

[next game >>]

Jeopardy! Round responses

PEOPLE IN HISTORY
TELEVISION
GEMS & JEWELRY
EUROPEAN GEOGRAPHY
OLD BASEBALL TEAMS
ANAGRAMS
    $100 11
Henry VIII

Michael
    $100 19
"Ironside"

Joe
    $100 26
Emeralds

Joe
    $100 6
The Alps

Bruce
    $100 1
Brooklyn

Michael
    $100 16
Sony (Nosy)

Michael
    $200 12
Poland

Michael
    $200 20
Calamity Jane

Joe
    $200 27
Rubies

Joe
    $200 7
Gibraltar

Michael
    $200 2
(J: Who are the Giants?)

New York Yankees

Joe
Triple Stumper
    $200 17
Peas (Apes)

Joe
    $300 13
Ho Chi Minh

Michael
    $300 21
John Forsythe

Michael
    $300 28
Pearls

Michael
    $300 8
Reykjavik

Michael
    $300 3
Blue Jays

Joe
    $300 18
Silo (Lois & Oils)

Bruce
    $400 14
The Borgias

Joe
    $400 22
"Saturday Night Live"

Michael
    $400 29
(Michael: What is cat's paw?)

cat's eye

MichaelJoe
    $400 9
Pyrenees

Michael
    $400 4
Buffalo

Joe
    $400 24
Pans (Snap)

Joe
    $500 15
Robert Baden-Powell

Michael
    $500 23
(B: What is "Family?")
(J: What is "Family Ties?")

"Empty Nest"

JoeBruce
Triple Stumper
    $500 30
Opals

Joe
    $500 10
Jutland

Michael
    $500 5
Louisville

Joe
    $500 25
Manitoba

Michael

Scores at the first commercial break (after clue 15):

Michael Joe Bruce
$2,600 $1,400 $100

Scores at the end of the Jeopardy! Round:

Michael Joe Bruce
$3,800 $3,000 -$100

Double Jeopardy! Round responses

SPACE EXPLORERS
GERMAN CUISINE
1960S POP PERSONALITIES
FICTIONAL CHARACTERS
WORLD RELIGIONS
DOWN FOR THE COUNT
    $200 18
John Glenn

Bruce
    $200 27
(M: What is veal?)

Pork

MichaelJoe
    $200 2
John Lennon

Michael
    $200 8
"Uncle Tom's Cabin"

Michael
    $200 3
Friday

Joe
    $200 13
Leo Tolstoy

Michael
    $400 22
Virgil "Gus" Grissom

Michael
    $400 30
Asparagus

Michael
    $400 4
Tom Jones

Michael
    $400 9
Myra Breckinridge

Bruce
    $400 21
Cattle/Cows

Michael
    $400 14
Austria-Hungary

Bruce
    $600 23
Jim Lovell

Triple Stumper
    $600 29
Oysters

Bruce
    $600 5
Herb Alpert

Joe
    $600 10
Sylvia Plath

Joe
    $600 20
Buddha

Michael
    $600 15
Sweden

Michael
    $400 24
(M: What is Langley?)

Edwards AFB

Michael
    $800 28
Cheese

Bruce
    $800 6
John Fogerty

Michael
    $800 11
Raymond Chandler

Michael
    $800 19
Church of England

Bruce
    $800 16
Alessandro Volta

Michael
    $1000 25
(J: What is Czechoslovakia?)

Romania

JoeBruce
    $1000 26
Rabbits

Michael
    $1000 7
Harry Nilsson

Joe
    $200 12
"Arrowsmith"

Michael
    $1000 1
Ex Cathedra

Joe
    $1000 17
(M: Who is Kosciusko?)

Casimir Pulaski

MichaelJoe

Scores at the end of the Double Jeopardy! Round:

Michael Joe Bruce
$9,200 $6,600 $4,100

[wagering suggestions for these scores]

Final Jeopardy! Round responses

ARTISTS
(Alex: The woman was the wife of Diego Rivera--[*].)
...
(Alex: [After revealing Michael's wager] Michael now has a 4-day total of $49,401 and comes back on Monday for his fifth game.)
BruceWho was Georgia O' Keefe
$4,099
JoeWho is G. (Grandma) Moses
$1,601
MichaelWho is Cassatt?
$4,001
Frida Kahlo

Final scores:

Michael Joe Bruce
$5,199 $4,999 $1
4-day champion: $49,401 2nd place: Trip to Carmel, CA & Panasonic Camcorder 3rd place: Franchi Menotti Sports Watch

Game dynamics:

Coryat scores:

Michael Joe Bruce
$10,400 $6,600 $4,100
28 R
(including 2 DDs),
4 W
(including 1 DD)
19 R,
3 W
9 R,
1 W

Combined Coryat: $21,100

The J! Archive is created by fans, for fans. The Jeopardy! game show and all elements thereof, including but not limited to copyright and trademark thereto, are the property of Jeopardy Productions, Inc. and are protected under law. This website is not affiliated with, sponsored by, or operated by Jeopardy Productions, Inc. Join the discussion at JBoard.tv.